000 00908cab a2200253 4500
001 ABS60092
008 090401t1999 xxu||||| |||| 00| 0 eng d
035 _a(Sirsi) u91317
041 _aeng
100 _aAtkinson, D.
245 _aWeather beaten
260 _c1999
350 _a0
490 _aConstruction News
_v(6602) 11 February 1999, 24(1)
520 _aLooks at the way in which different contracts deal with the issue of disruption caused by bad weather. Discusses the Institution of Civil Engineers 6th edition and the Engineering Construction Contract 2nd edition.
650 _aBUILT ENVIRONMENT-BUILDING CONTRACT FORMS
650 _aENGINEERING CONSTRUCTION CONTRACT FORMS
650 _aICE CONDITIONS OF CONTRACT (SIXTH EDITION)
650 _aSITE CONDITIONS
650 _aWEATHER
690 _aBUILT ENVIRONMENT-BUILDING CONTRACT FORMS
942 _n0
948 _c12/02/1999
999 _c57954
_d57954